Antonio del Castillo : (Record no. 129876)

MARC details
000 -LEADER
campo de control de longitud fija 01158nam a2200301 i 4500
001 - NÚMERO DE CONTROL
campo de control 129876
003 - IDENTIFICADOR DE NÚMERO DE CONTROL
campo de control ES-MaACL
005 - FECHA Y HORA DE LA ÚLTIMA TRANSACCIÓN
campo de control 20250805063300.0
007 - CAMPO FIJO DE DESCRIPCIÓN FÍSICA--INFORMACIÓN GENERAL
campo de control de longitud fija t|
008 - DATOS DE LONGITUD FIJA--INFORMACIÓN GENERAL
campo de control de longitud fija 070710s1982 sp ||||1| spa d
017 ## - NÚMERO DE COPYRIGHT O DE DEPÓSITO LEGAL
Número de copyright o de depósito legal CO 21-1982
Agencia que asigna Oficina Depósito Legal Córdoba
020 ## - NÚMERO INTERNACIONAL ESTÁNDAR DEL LIBRO
Número Internacional Estándar del Libro 84-500-5172-X
080 ## - NÚMERO DE LA CLASIFICACIÓN DECIMAL UNIVERSAL
Número de la Clasificación Decimal Universal 75 Castillo, Antonio del
080 ## - NÚMERO DE LA CLASIFICACIÓN DECIMAL UNIVERSAL
Número de la Clasificación Decimal Universal 929 Castillo, Antonio del
100 1# - ENTRADA PRINCIPAL--NOMBRE DE PERSONA
Nombre de persona Zueras Torrens, Francisco,
Fechas asociadas al nombre 1918-1992
Término indicativo de función/relación Autor
9 (RLIN) 118428
245 10 - MENCIÓN DEL TÍTULO
Título Antonio del Castillo :
Resto del título un gran pintor del Barroco /
Mención de responsabilidad, etc. Francisco Zueras Torrens
260 ## - PUBLICACIÓN, DISTRIBUCIÓN, ETC.
Lugar de publicación, distribución, etc. Córdoba :
Nombre del editor, distribuidor, etc. Diputación Provincial,
Fecha de publicación, distribución, etc. 1982
300 ## - DESCRIPCIÓN FÍSICA
Extensión 134 páginas; 30 hojas de láminas ;
Dimensiones 22 cm
490 1# - MENCIÓN DE SERIE
Mención de serie Libros de bolsillo (Diputación Provincial de Córdoba) ;
Designación de volumen o secuencia 8
RLIN 229142
504 ## - NOTA DE BIBLIOGRAFÍA, ETC.
Nota de bibliografía, etc. Bibliografía: páginas 133-134
600 14 - PUNTO DE ACCESO ADICIONAL DE MATERIA--NOMBRE DE PERSONA
Nombre de persona Castillo, Antonio del,
Fechas asociadas al nombre 1616-1668
9 (RLIN) 241564
710 1# - ENTRADA AGREGADA--NOMBRE DE ENTIDAD CORPORATIVA
Nombre de entidad corporativa o nombre de jurisdicción como elemento de entrada Córdoba (Provincia).
Unidad subordinada Diputación Provincial
Término indicativo de función/relación Editor
9 (RLIN) 3299
830 #0 - PUNTO DE ACCESO ADICIONAL DE SERIE-TÍTULO UNIFORME
Título uniforme Libros de bolsillo (Diputación Provincial de Córdoba) ;
Designación de volumen o secuencia 8
9 (RLIN) 229142
852 ## - LOCALIZACIÓN
Ubicación ES-MaACL
Ubicación en estantería Depósito 2
Número de control de estantería L-2792
942 ## - ELEMENTOS DE ENTRADA SECUNDARIOS (KOHA)
Fuente del sistema de clasificación o colocación Clasificación decimal universal
Tipo de ítem Koha Libro impreso
Suprimir en OPAC No
Holdings
Estatus retirado Estado de pérdida Estado de daño No para préstamo Biblioteca de origen Biblioteca actual Ubicación en estantería Fecha de adquisición Fuente de adquisición Total de préstamos Signatura topográfica completa Código de barras Visto por última vez Precio de reemplazo Tipo de ítem Koha
        Biblioteca del Ateneo de Madrid Biblioteca del Ateneo de Madrid Depósito 2 17/01/2008     L-2792 1135236 23/02/2023 23/02/2023 Libro impreso